| 000 | 00678nam a2200181Ia 4500 | ||
|---|---|---|---|
| 008 | 151018s9999 xx 000 0 und d | ||
| 082 |
_bRBASDV40858 _a133.5 |
||
| 100 | _aमधुसूदन घाणेकर | ||
| 245 | _aहस्ताक्षरांचे अंतरंग | ||
| 250 | _b1 | ||
| 260 |
_bसुयोग प्रकाशन पुणे _c2004 |
||
| 300 | _a132 | ||
| 600 | _aमधुसूदन घाणेकर | ||
| 630 | _aहस्ताक्षरांचे अंतरंग | ||
| 700 | _aमधुसूदन घाणेकर | ||
| 730 | _aहस्ताक्षरांचे अंतरंग | ||
| 942 | _cBOOK | ||
| 999 |
_c1040132 _d1040129 |
||